000 00324 a2200157 4500
001 162684
020 _a85-86295-02-7
040 _cMagnum
100 _aGuedes, Hardy
240 1 0 _aItacueretaba
_lpor
245 1 0 _aItacueretaba
300 _a24
362 0 _a1997
697 _aLITERATURA INFANTO-JUVENIL
942 _cBK
999 _c162684
_d162684